| 000 | 00437nam a2200145Ia 4500 | ||
|---|---|---|---|
| 008 | 210430s9999 xx 000 0 und d | ||
| 020 | _a978-81-315-2069-7 | ||
| 082 | _a669.9 A618P | ||
| 100 |
_aReza Abbaschian, Lara Abbaschian, Robert E. Reed Hill _954529 |
||
| 245 |
_aPhysical Metallurgy Principles / _cReza Abbaschian |
||
| 250 | _a4th edition | ||
| 260 |
_aNew Delhi _bCengage Learning _c2014 |
||
| 300 | _a750 | ||
| 942 |
_cBK _2ddc |
||
| 999 |
_c565148 _d565148 |
||